000 00811nam a2200241Ia 4500
003 OSt
005 20220923223301.0
006 a|||||r|||| 00| 0
007 ta
008 220922b |||||||| |||| 00| 0 hin d
024 _a212,811
037 _cTextual
040 _aARTS
_cARTS
_bhin
041 _2hin
_ahin
082 _aO152,3N26:g, L6
100 _aजोशी, कैलाश
245 0 _aधर्मवीर भारती का उपन्यास साहित्य
246 _aDharmavīr bhāratī kā upanyās sāhitya
260 _aजयपुर
_b चिन्मय प्रका0
_c1976
650 _aहिन्दी साहित्य
_9156264
942 _hO152,3N26:g, L6
_cTEXL
_2CC
999 _c363085
_d363085